000 00307nam a22001337a 4500
003 SGT
020 _a9780367571269
082 _a624,NAG
100 _aNAGARAJAN, PRAVEEN
245 _aMATRIX METHODS OF STRUCTURAL ANALYSIS
260 _aLONDON NEW YORK
_bCRC PRESS
_c2020
300 _a353
942 _2ddc
_cBK
999 _c25840
_d25840